UK Towns Quiz - Greater Manchester - Statistics

General Stats
  • This quiz has been taken 325 times
  • The average score is 29 of 96
Answer Stats
Clue Population Town % Correct
M 470,411 Manchester
98%
B 184,073 Bolton
92%
S 108,409 Salford
92%
O 110,718 Oldham
89%
R 111,261 Rochdale
88%
S 117,941 Stockport
87%
W 81,557 Wigan
87%
B 81,101 Bury
82%
S 62,547 Sale
74%
A 26,380 Ashton-in-Makerfield
70%
A 48,604 Ashton-under-Lyne
70%
A 49,661 Altrincham
64%
E 41,122 Eccles
62%
H 35,890 Hyde
56%
L 45,491 Leigh
56%
W 97,635 Wythenshawe
50%
D 35,989 Denton
49%
M 46,620 Middleton
49%
C 14,436 Cheadle
47%
C 24,791 Cheadle Hulme
47%
S 26,831 Stalybridge
44%
U 41,731 Urmston
44%
P 31,507 Prestwich
43%
S 28,012 Stretford
39%
C 37,614 Chadderton
38%
H 29,726 Heywood
38%
R 31,107 Radcliffe
38%
S 22,882 Swinton
37%
W 18,684 Walkden
37%
W 11,959 Worsley
36%
A 27,562 Atherton
34%
I 19,712 Irlam
34%
M 12,980 Marple
34%
S 18,245 Shaw
34%
H 20,690 Horwich
33%
W 22,179 Whitefield
32%
F 28,759 Farnworth
31%
H 16,720 Hale
31%
H 20,170 Hazel Grove
31%
L 12,154 Littleborough
31%
R 17,067 Ramsbottom
31%
A 13,396 Audenshaw
30%
F 19,960 Failsworth
30%
M 11,407 Mossley
29%
R 22,999 Royton
29%
B 5,345 Blackrod
25%
D 21,151 Duckinfield
25%
R 22,203 Reddish
25%
W 21,963 Westhoughton
25%
M 9,227 Milnrow
24%
G 9,148 Gatley
23%
B 17,041 Bredbury
22%
P 1,768 Pendlebury
21%
L 12,525 Little Lever
20%
T 16,204 Tyldesley
20%
I 12,184 Ince-in-Makerfield
19%
K 11,121 Kearsley
19%
P 7,706 Partington
19%
U 11,191 Uppermill
19%
B 17,184 Bramhall
18%
O 21,443 Old Trafford
18%
R 10,905 Romiley
18%
L 12,630 Lees
17%
O 23,416 Orrell
17%
S 12,931 Standish
17%
G 25,553 Golborne
16%
H 24,492 Hindley
16%
D 2,283 Delph
14%
A 4,734 Astley
12%
B 6,106 Bowdon
12%
D 23,915 Droysden
12%
H 6,962 Hattersley
12%
W 2.113 Wardle
12%
D 1,567 Dobcross
11%
B 2,282 Bickershaw
10%
L 25,834 Little Hulton
10%
A 4,936 Aspull
9%
A 1,593 Ainsworth
8%
A 5,135 Appley-in-Makerfield
8%
S 1,057 Simister
8%
C 17,750 Clifton
7%
N 2,709 Newhey
7%
W 2,243 Woodford
6%
H 4,617 High Lane
5%
P 10,593 Platt Bridge
5%
S 5,318 Shevington
4%
S 2,718 Shevington Moor
4%
S 1,725 Summit
4%
W 1,094 Woodhouses
4%
M 4,702 Marple Bridge
3%
H 1,301 Hunger Hill
2%
R 2,969 Rhodes
2%
W 1,935 Wingates
2%
W 2,296 Wardley
1%
H 2,449 Higher Folds
0%
T 1,389 Trub
0%
No matching quizzes found
Score Distribution
Percent of People with Each Score
Percentile by Number Answered
Your Score History
You have not taken this quiz